Acteurs de Heated Rivalry - Statistiques

Statistiques générales
  • Ce quiz a été pris 93 fois
    68 depuis la dernière actualisation
  • Le résultat moyen est 5 sur 24
Statistiques - réponses
Par images Hint Réponse % Correct
Ilya Rozanov Connor Storrie
98%
Shane Hollander Hudson Williams
96%
Sasha Kaden Connors
93%
Scott Hunter François Arnaud
84%
Rose Landry Sophie Nélisse
25%
Yuna Hollander Christina Chang
16%
Hayden Pike Callan Potter
11%
Kip Grady Robbie Graham-Kuntz
9%
David Hollander Dylan Walsh
5%
Jackie Pike Kamilla Kowal
5%
Carter Vaughn Kolton Stewart
5%
Svetlana Vetrova Ksenia Daniela Kharlamova
5%
Elena Rygg Nadine Bhabha
5%
Alexei Rozanov Slavic Rogozine
5%
JJ Dagenais Benjamin Roy
4%
Cliff Marleau Franco Lo Presti
4%
Grigori Rozanov Yaroslav Poverlo
4%
Maria Villanueva Bianca Nugara
2%
Shawn Brandon Ash-Mohammed
2%
Miles Devante Senior
2%
Connors Harrison Browne
2%
George Grady Matt Gordon
2%
Kyle Swift Matthew Finlan
2%
coach de Boston Trevor Hayes
0%
Aucun quiz correspondant
Distribution des résultats
% des personnes avec chaque résultat
Percentile par nombre de réponses
Votre historique - résultats
Vous n’avez pas pris ce quiz depuis la dernière actualisation